Statistics for The 10 Best Trash Talkers in NBA History

Click here to take the quiz!

General Stats

  • This quiz has been taken 34 times
  • The average score is 7 of 10

Answer Stats

HintAnswer% Correct
Black MambaKobe Bryant
97%
Larry LegendLarry Bird
88%
The Round Mound Of ReboundCharles Barkley
82%
His AirnessMichael Jordan
82%
The GloveGary Payton
74%
SheedRasheed Wallace
65%
ShaqovicShaquille O’Neal
62%
The Knick KillerReggie Miller
62%
Honey Nut CheeriosKevin Garnett
26%
Bubba ChuckAllen Iverson
18%

Score Distribution

Percentile by Number Answered

Percent of People with Each Score

Your Score History

You have not taken this quiz